Finančná analýza vybraného podniku z odvetvia stavebníctva diplomová práca

Enregistré dans:
Détails bibliographiques
Auteur principal: Horváthová, Monika
Collectivité auteur: Fakulta podnikového manažmentu EU. Katedra podnikovohospodárska
Autres auteurs: Uhliar, Miroslav, 1981-
Format: Livre
Langue:slovaque
Publié: Bratislava 2015
Tags: Ajouter un tag
Pas de tags, Soyez le premier à ajouter un tag!

MARC

LEADER 00000nbm a2200000 4500
001 0201299
005 20161212101643.8
041 0 |a slo 
044 |a SK 
245 1 0 |a Finančná analýza vybraného podniku z odvetvia stavebníctva  |b diplomová práca  |c Monika Horváthová ; školiteľ: Miroslav Uhliar 
264 1 |a Bratislava  |c 2015 
300 |a 89 s. 
100 1 |a Horváthová, Monika 
700 1 |a Uhliar, Miroslav, 1981- 
710 2 |a Fakulta podnikového manažmentu EU. Katedra podnikovohospodárska